000 00562nam a2200181 i 4500
001 56146
003 ES-MaACL
005 20230906163308.0
007 t|
008 031003s1936 sp ||||1| spa d
100 1 _aDíaz-Plaja, Guillermo,
_d1909-1984
_9162428
245 1 0 _aIntroducción al estudio del romanticismo español /
_cGuillermo Díaz-Plaja.
260 _aMadrid :
_bEspasa-Calpe,
_c1936.
300 _a311 p. ;
_c19 cm.
500 _aObra laureada con el Premio Nacional de Literatura, 1935.
852 _aES-MaACL
_jA-4511
999 _c56146
_d56146